000 00508nam a2200193 a 4500
001 1758436810695
003 YourLibrary
005 20250921121126.0
008 250921s1998##################000#0#eng##
020 _a9780896034945
082 0 4 _a572.88
_bRAP
100 1 _aRapley, Ralph,
_eauthor.
245 1 0 _aRNA Isolation and Characterization Protocols :
260 _bHumana Press,
_c1998.
300 _a264 pages
650 0 _aScience.
942 _cENGLISH
040 _aYourLibrary
_beng
_cYourLibrary
999 _c588498
_d588498